A narratology of drama : dramatic storytelling in theory, history, and culture from the Renaissance to the twenty-first century

This volume argues against Gérard Genette's theory that there is an insurmountable opposition between drama and narrative and shows that the two forms of storytelling have been productively intertwined throughout literary history. Building on the idea that plays often incorporate elements from...

Full description

Saved in:
Bibliographic Details
Main Author Schwanecke, Christine (Author)
Format Electronic eBook
LanguageEnglish
Published Berlin ; Boston : De Gruyter, [2022]
SeriesNarratologia ; v. 80.
Subjects
Online AccessFull text
ISBN9783110724110
9783110724141
9783110721379
Physical Description1 online zdroj (436 stran) : ilustrace

Cover

LEADER 00000nam a2200000 i 4500
001 115493
003 CZ-ZlUTB
005 20260416143926.0
006 m o d
007 cr cnu---unuuu
008 220129s2022 gw a ob 001 0 eng d
040 |a EBZ  |b eng  |c EBZ  |e rda 
020 |a 9783110724110  |q (electronic book) 
020 |a 9783110724141  |q (electronic bk.) 
020 |z 9783110721379 
100 1 |a Schwanecke, Christine,  |e author. 
245 1 2 |a A narratology of drama :  |b dramatic storytelling in theory, history, and culture from the Renaissance to the twenty-first century /  |c Christine Schwanecke. 
264 1 |a Berlin ;  |a Boston :  |b De Gruyter,  |c [2022] 
300 |a 1 online zdroj (436 stran) :  |b ilustrace 
336 |a text  |b txt  |2 rdacontent 
337 |a počítač  |b c  |2 rdamedia 
338 |a online zdroj  |b cr  |2 rdacarrier 
490 1 |a Narratologia ;  |v Volume 80 
504 |a Obsahuje bibliografické odkazy a index. 
506 |a Plný text je dostupný pouze z IP adres počítačů Univerzity Tomáše Bati ve Zlíně nebo vzdáleným přístupem pro zaměstnance a studenty 
520 8 |a This volume argues against Gérard Genette's theory that there is an insurmountable opposition between drama and narrative and shows that the two forms of storytelling have been productively intertwined throughout literary history. Building on the idea that plays often incorporate elements from other genres, especially narrative ones, the present study theorises drama as a fundamentally narrative genre. Guided by the question of how drama tells stories, the first part of the study delineates the general characteristics of dramatic narration and zooms in on the use of narrative forms in drama. The second part proposes a history of dramatic storytelling from the Renaissance to the twenty-first century that transcends conventional genre boundaries. Close readings of exemplary British plays provide an overview of the dominant narrative modes in each period and point to their impact in the broader cultural and historical context of the plays. Finally, the volume argues that throughout history, highly narrative plays have had a performative power that reached well beyond the stage: dramatic storytelling not only reflects socio-political realities, but also largely shapes them. 
588 0 |a Online resource; title from digital title page (viewed on February 15, 2022). 
505 0 |a Prologue -- Part I: Towards a Transgeneric and Contextual Theory of Narrative in Drama, Or, Reframing 'Drama' as a Narrative Genre -- 1 'Enter Drama!' Putting the Genre (Back) Centre Stage in the Study of Literature and Culture -- 2 Rising Action: Towards a Narratology of Drama -- 3 Suggestions for a Peripeteia in Drama and Narrative Theory: A Culturally Sensitive Narratology of Drama and Dramatic Narration -- Part II: The History of Narrative and Narration in British Drama -- The Cultural Dynamics and Performative Power of Dramatic Storytelling -- 4 Stories in Conflict and Competition: Alternative Histories, Complementary Tales, and Lies in Early Modern Drama -- 5 The Containment of Different Narratives and of Narratives of Difference in Drama: The Renewal and Self-Definition of a 'Sleeping' Genre as well as Theatrical Configurations of Restoration and Early Eighteenth-Century (Drama) Cultures -- 6 From Stage to Page, from the Publicly Politic to the Metaphysically Private: Late Eighteenth-Century and Romantic Drama as a Genre in Transformation, Dramatising Diegetic Storytelling and Narrativising (Revolutionary) Change in Society and Conflict in Selves -- 7 Expanding the Allowances of Drama by Generic Encounters with Narrative in Victorian and Early-Twentieth-Century Plays: Intersecting Drama and Narrative as Means to Fight against Hypocritical Hegemonies as well as to Perform and Forestall Political Change -- 8 From Stories in Drama to the Drama of (Performed) Stories: Late-Twentieth and Early-Twenty-First-Century Dissolutions of Established Generic Traditions and Cultural Histories as Well as the Generation of New, 'Ex-centric' Genres and Histories through Narrative -- 9 Conclusion: 'The Contextual Dynamics of Dramatic Storytelling' and the 'Performative Power of Narrative in British Plays' -- References -- Index. 
650 0 |a Drama  |x History and criticism. 
650 0 |a Drama  |v Stories, plots, etc. 
655 7 |a elektronické knihy  |7 fd186907  |2 czenas 
655 9 |a electronic books  |2 eczenas 
776 0 8 |i Print version:  |a Schwanecke, Christine.  |t A Narratology of Drama.  |d Berlin/Boston : Walter de Gruyter GmbH, ©2022 
830 0 |a Narratologia ;  |v v. 80. 
856 4 0 |u https://search.ebscohost.com/login.aspx?direct=true&scope=site&db=nlebk&db=nlabk&AN=3119911&authtype=ip,shib&custid=s3936755 
992 |c EBOOK-TN  |c EBSCO 
993 |x NEPOSILAT  |y EIZ 
999 |c 115493  |d 115493